000 00709nam a2200205 i 4500
001 81399
003 ES-MaACL
005 20250809151921.0
007 t|
008 041104s1918 xxu ||||1| eng d
100 1 _aHrdlicka, Ales.
_964452
245 1 0 _aRecent discoveries attributed to early man in America /
_cby Ales Hrdlicka.
260 _aWashington :
_bGovernment Printing Office,
_c1918.
300 _a66 p., 14 lám. :
_bil. ;
_c24 cm.
500 _aPrecede al tít.: Bureau of American Ethnology.
650 7 _aRestos humanos (Arqueología)
_2embne
_9149877
710 2 _aSmithsonian Institution.
_bBureau of American Ethnology.
_96625
852 _aES-MaACL
_jG-15414
999 _c81399
_d81399